| 000 | 01006nam a22003017a 4500 | ||
|---|---|---|---|
| 001 | 8277 | ||
| 003 | FISKH | ||
| 005 | 20250908103611.0 | ||
| 008 | 250908b cb ||||| |||| 00| 0 eng d | ||
| 020 | _a0590481738 | ||
| 040 |
_aFISKH _beng _cFISKH _dFISKH |
||
| 050 | _aPN6371 .C324 | ||
| 082 | _a818.5402 | ||
| 100 | _aCalmenson, Stephanie | ||
| 245 |
_aIt begins with an A / _cBy Stephanie Calmenson : Illustrated by Marisabina Russo |
||
| 250 | _aFirst Scholastic printing , January 1994 | ||
| 260 |
_aNew York : _bScholastic , _c1993 . |
||
| 300 |
_a32 unnumbered pages : _bcolor illustrations ; _c20 x 25 cm . |
||
| 505 | _aH | ||
| 520 | _aRhyming riddles challenge the reader to guess objects beginning with letters A to Z. | ||
| 521 | 8 |
_a410
_bLexile |
|
| 521 | 8 |
_aH
_bRaz-Plus |
|
| 650 |
_aPhonemic awareness _vPictures Books |
||
| 650 |
_aAlphabet Recognition _vPictures Books |
||
| 700 |
_aRusso, Marisabina _eIllustrator |
||
| 942 |
_2ddc _cBK _n0 |
||
| 999 |
_c8277 _d8277 |
||